000 01538nam a2200205Ia 4500
005 20231124153816.0
008 220524s9999 xx 000 0 und d
020 _a870022652
041 _aeng
082 _a646.2
100 _aDraper Wanda
245 _aSteps In Clothing Skills Revised
260 _bBennett Publishing Company-United America
_c1978
300 _a528
520 _aPART ONE - PERSONALITY PLUS Chapter 1 Good Looks from Top to Toe Chapter 2 Your Manners are Showing PART TWO – FABRICS FOR FASHION Chapter 3 Fun with Fibers Chapter 4 Wonders of Weaving Chapter 5 Texture Chapter 6 Designs in Fabrics Chapter 7 Finishes PART THREE THE MAJIC OF DESIGN & COLOR Chapter 8 Line, Shape, and You Chapter 9 You in a World of Color Chapter 10 You & Color magic PART FOUR – KEEPING YOUR WARDROBE UP-TO-DATE Chapter 11 Managing your Wardrobe Chapter 12 When you Shop Chapter 13 Clothing Care – the Easy Way Chapter 14 Storage Know-How PART FIVE – SEWING STEPS Chapter 15 Sewing Equipment Chapter 16 The Sewing Machine Chapter 17 Selecting & Fitting Your Pattern Chapter 18 Preparing Fabrics for Cutting Chapter 19 Getting Ready to use your Pattern Chapter 20 Let’s Learn to Press Chapter 21 Taking Steps toward a Finished Garment Chapter 22 Let’s Plan & Sew A Garment Chapter 23 Let’s Dress up your Finished Garments PART SIX – GETTING READY FOR A JOB Chapter 24 Getting Ready for a Job
650 _aSewing
_9204368
700 _aBailey Annetta
906 _a-
942 _cBK
999 _c8043
_d8043